Čo je to topológia

Gespeichert in:
Bibliographische Detailangaben
Format: Buch
Sprache:Slowakisch
Veröffentlicht: Bratislava Alfa 1983
Schriftenreihe:Epsilon
Tags: Tag hinzufügen
Keine Tags, Fügen Sie das erste Tag hinzu!

MARC

LEADER 00000nam a2200000 4500
001 c131135
005 20260327083218.7
041 0 |a slo 
044 |a SK 
245 1 0 |a Čo je to topológia  |c Milan Hejný, Ivan Kulich, Jozef Tvarožek 
264 1 |a Bratislava  |b Alfa  |c 1983 
300 |a 239 s. 
490 1 |a Epsilon 
830 0 |a Epsilon